UM Logo

Farmers turn BPO managers in rural Mindanao town/ (Record no. 9602)

MARC details
000 -LEADER
fixed length control field 00369nam a2200121 4500
008 - FIXED-LENGTH DATA ELEMENTS--GENERAL INFORMATION
fixed length control field 180711b ||||| |||| 00| 0 eng d
100 ## - MAIN ENTRY--PERSONAL NAME
9 (RLIN) 28525
Personal name Santos, Jose Bimbo
245 ## - TITLE STATEMENT
Title Farmers turn BPO managers in rural Mindanao town/
Statement of responsibility, etc. Jose Bimbo Santos
260 ## - PUBLICATION, DISTRIBUTION, ETC. (IMPRINT)
Place of publication, distribution, etc. Davao City
Name of publisher, distributor, etc. Sun Star Davao
Date of publication, distribution, etc. c2016
300 ## - PHYSICAL DESCRIPTION
Extent page B2.
650 #0 - SUBJECT ADDED ENTRY--TOPICAL TERM
9 (RLIN) 28526
Topical term or geographic name as entry element Professions.
942 ## - ADDED ENTRY ELEMENTS (KOHA)
Source of classification or shelving scheme Dewey Decimal Classification
Koha item type Periodicals
Holdings
Withdrawn status Lost status Source of classification or shelving scheme Damaged status Not for loan Collection code Home library Current library Date acquired Total Checkouts Date last seen Price effective from Koha item type Public note
    Dewey Decimal Classification     Periodicals UM Digos College - LIC UM Digos College - LIC 07/11/2018   07/11/2018 07/11/2018 Periodicals Newspaper Clippings